000 00458nab#a2200181#c#4500
999 _c19053
_d19053
003 IEF
005 20191205175250.0
008 950704s1975 uuu|| #####0 b| |u
040 _aIEF
_cES-MaIEF
245 _aHaciendas Locales
_b[Editorial]
260 _c1975
650 4 _aESPAÑA
_941092
650 4 _aHACIENDAS LOCALES
_945217
773 0 _tHacienda pública española
_w34570
_gn. 35, 1975;pags. 3-17
942 _2udc
942 _2udc